000
00278nam a2200109Ia 4500
008
200302s9999 xx 000 0 und d
100
_a
Chris L. Smith
245
_a
Architecture in the Space of Flows
260
_b
Routledge Taylor & Francis Group
260
_c
2012
300
_a
241
999
_c
3309
_d
3309